000 00238nam a2200097Ia 4500
001 640137
005 20250826153441.0
008 250824s9999 xx 000 0 und d
245 0 _aSERÇE KUŞ
_cCAHİT ZARİFOĞLU
260 _bBEYAN YAYINLARI
999 _c640137
_d640137